000 00554nam a2200193Ia 4500
005 20260429111920.0
008 260429s9999||||xx |||||||||||||| ||und||
020 _a9788119103492
041 _aEnglish
082 _a635
_bSAH
100 _aSahoo, Dipika
245 0 _aTropical and subtropical vegetable crops :
_b2nd fully revised and enlarged edition /
_cDipika Sahoo
260 _aNew Delhi :
_bNipa,
_c2025.
300 _axxviii, 367 p.; hb
650 _a Vegetable crops
650 _aHorticulture
700 _a Naik, Bhimasen
942 _cTB
999 _c51413
_d51413